LDR 00954nam a2200205 i 4500 001 000000018955 003 CaOOAMICUS 005 20180830125444.0 008 180830s1837 be u000 u und u 040 $aSeMil$bita 100 1 $aAncillon, Johann Peter Friederich <1767-1837>.$0(OLS)http://semarc/name/8484 245 10$aDu juste milieu ou Du rapprochement des extrêmes dans les opinions /$cde Frédéric Ancillon ; traduit de l'allemand par Mme la Baronne de S. 260 $aBruxelles :$bSociété Belge de Librairie,$c1837. 300 $a2 v. ;$c18 cm. 650 4$aPrussia.$0(OLS)http://semarc/subject/3004 650 4$aModerazione - Aspetti politici.$0(OLS)http://semarc/subject/3005 774 0 $t1.$g1$w()73599 774 0 $t2.$g2$w()223829 996 $6245$aDu juste milieu ou Du rapprochement des extrêmes dans les opinions$9(OLS)http://semarc/title/24937 996 $6260$aBruxelles :$bSociété Belge de Librairie$9(OLS)http://semarc/publisher/30903